Escudos aleatorios del fútbol inglés - Estadísticas

Estadísticas generales
  • Esta prueba ha sido intentada 524 veces
    521 desde el último reinicio
  • La puntuación promedio es 16 de 20
Estadísticas de respuestas
Imagen Respuesta % Correcto
Everton
98%
Liverpool
97%
Luton Town
97%
Arsenal
96%
Chelsea
95%
Nottingham Forest
95%
Sunderland
95%
West Ham United
95%
Crystal Palace
94%
Manchester City
94%
Manchester United
94%
Portsmouth
94%
Tottenham Hotspur
94%
West Bromwich Albion
94%
Hull City
93%
Leeds United
93%
Wolverhampton Wanderers
93%
Barrow
92%
Grimsby Town
92%
Millwall
92%
Morecambe
92%
Newcastle United
92%
Walsall
92%
Bristol City
91%
Bristol Rovers
91%
Middlesbrough
91%
Wigan Athletic
91%
Aston Villa
90%
Charlton Athletic
90%
Colchester United
90%
Leicester City
90%
Oxford United
90%
Stoke City
90%
Brentford
89%
Cambridge United
89%
Fulham
89%
Gillingham
89%
Wycombe Wanderers
89%
Blackburn Rovers
88%
Carlisle United
88%
Crawley Town
88%
Reading
88%
Shrewsbury Town
88%
Barnsley
87%
Peterborough United
87%
Port Vale
87%
AFC Wimbledon
86%
Bromley
86%
Newport County
86%
Stockport County
86%
Accrington Stanley
85%
Birmingham City
85%
Bournemouth
85%
Burnley
85%
Leyton Orient
85%
Northampton Town
85%
Southampton
85%
Wrexham
85%
Blackpool
84%
Chesterfield
84%
Crewe Alexandra
84%
Harrogate Town
84%
Huddersfield Town
84%
Stevenage
84%
Coventry City
83%
Ipswich Town
83%
Preston North End
82%
Swindon Town
82%
Exeter City
81%
Swansea City
81%
Norwich City
80%
Watford
79%
Sheffield United
78%
Brighton & Hove Albion
77%
Notts County
74%
Derby County
73%
MK Dons
68%
Cardiff City
62%
Queens Park Rangers
60%
Bolton Wanderers
58%
Sheffield Wednesday
56%
Salford City
51%
Plymouth Argyle
49%
Lincoln City
40%
Fleetwood Town
39%
Rotherham United
38%
Doncaster Rovers
35%
Bradford City
33%
Cheltenham Town
31%
Burton Albion
30%
Mansfield Town
28%
Tranmere Rovers
28%
No se encontraron pruebas coincidentes
Distribución de puntuación
Porcentaje de gente con cada puntuación
Porcentaje por número respondido
Historial de tus puntuaciones
No has intentado esta prueba desde el último reinicio